Utilisation of Electure power and electric Traction (Record no. 2468)

MARC details
000 -LEADER
fixed length control field 00413nam a22001577a 4500
005 - DATE AND TIME OF LATEST TRANSACTION
control field 20170502124233.0
008 - FIXED-LENGTH DATA ELEMENTS--GENERAL INFORMATION
fixed length control field 160613b xxu||||| |||| 00| 0 eng d
020 ## - INTERNATIONAL STANDARD BOOK NUMBER
ISBN 978-93-5014-258-5
041 ## - LANGUAGE CODE
Language code of text/sound track or separate title eng
082 ## - DEWEY DECIMAL CLASSIFICATION NUMBER
Item number 7103
100 ## - MAIN ENTRY--AUTHOR NAME
Personal name Gupta J.B.
245 ## - TITLE STATEMENT
Title Utilisation of Electure power and electric Traction
260 ## - PUBLICATION, DISTRIBUTION, ETC. (IMPRINT)
Name of publisher S. K. Katria & Sons
Year of publication 1968
650 ## - SUBJECT ADDED ENTRY--TOPICAL TERM
Topical Term DIPLOMA ENGINEERING
942 ## - ADDED ENTRY ELEMENTS (KOHA)
Koha item type Books
Holdings
Lost status Damaged status Collection code Home library Current library Shelving location Date acquired Cost, normal purchase price Full call number Accession Number Koha item type
    Reference JRU Library   SHELF -72- G 13/06/2016 315.00 7103 7103 Books
      JRU Library   SHELF-37-N 13/06/2016 315.00 7103 7104 Books
      JRU Library   SHELF-37-N 13/06/2016 315.00 7103 7105 Books